[Event "Ojinaga Perla del Desierto op"]
[Site "Ojinaga"]
[Date "2023.10.27"]
[Round "4"]
[White "Avila Rodriguez, Joshua Ad"]
[Black "Amparan Gonzalez, Isaac"]
[Result "1-0"]
[WhiteElo "2206"]
[BlackElo "1729"]
[PlyCount "55"]
[EventDate "2023.10.26"]
[EventType "swiss"]
[EventRounds "7"]
[EventCountry "MEX"]
[SourceTitle "Mega2024 Update 01"]
[Source "Chessbase"]
[SourceDate "2023.11.12"]
[SourceVersion "1"]
[SourceVersionDate "2023.11.12"]
[SourceQuality "1"]

1. e4 e5 2. Nf3 Nc6 3. Bb5 a6 4. Ba4 Nf6 5. 0-0 b5 6. Bb3 d6 7. c3 Be7 8. h3 Na5 9. Bc2 c5 10. d4 cxd4 11. cxd4 Nc6 12. Nc3 0-0 13. Be3 Re8 14. d5 Nb8 15. b4 Nbd7 16. a4 bxa4 17. Nxa4 Rb8 18. Rb1 Qc7 19. Qe2 Bd8 20. Rfc1 Qb7 21. Nd2 Nb6 22. Nb2 Qe7 23. Bd3 Ra8 24. Ra1 Qb7 25. Nb3 Nbd7 26. Nc4 Be7 27. Nba5 Qxb4 28. Rcb1 1-0